Score 0/24 Timer 01:30
1 Play Today
Hint Answer % Correct
___ in WonderlandAlice
99.7%
___ DeGeneresEllen
96.1%
___ ClarksonKelly
92.5%
___ HiltonParis
90.9%
___ Princess of WalesDiana
90.3%
___ WitherspoonReese
89.1%
___ BerryHalle
88.1%
___ MidlerBette
87.9%
___ LatifahQueen
87.5%
___ JoplinJanis
82.9%
___ SharapovaMaria
78.9%
___ LauperCyndi
78.3%
Hint Answer % Correct
A Fish called ___ Wanda
76.3%
___ DrewNancy
76%
___ HillFaith
73.6%
___ DeschanelZooey
69.1%
___ OylOlive
66%
___ KellyGrace
65.8%
___ BoyleSusan
65%
___ McCartneyLinda
57.3%
___ O'NealTatum
54.5%
___ CaraIrene
46.7%
___ DinkleyVelma
23%
___ OnatoppXenia
19.7%
Remove Ads.
Support Sporcle.
Get the best of Sporcle when you Go Orange. This ad-free experience offers more features, more stats, and more fun while also helping to support Sporcle. Thank you for becoming a member.

You're not logged in!

Compare scores with friends on all Sporcle quizzes.
OR
Log In

Show Comments

Extras

Top Quizzes Today


Score Distribution

Your Account Isn't Verified!

In order to create a playlist on Sporcle, you need to verify the email address you used during registration. Go to your Sporcle Settings to finish the process.

Report this User

Report this user for behavior that violates our Community Guidelines.

Details: